[Event "BUL-ch (Women) 38th"]
[Site "Bulgaria"]
[Date "1989.??.??"]
[Round "10"]
[White "Alexieva, Silvia"]
[Black "Grigorova, Natalia"]
[Result "1/2-1/2"]
[WhiteElo "2070"]
[BlackElo "2100"]
[PlyCount "56"]
[EventDate "1989.06.??"]
[EventType "tourn"]
[EventRounds "13"]
[EventCountry "BUL"]
[SourceTitle "EXT 2009"]
[Source "ChessBase"]
[SourceDate "2008.11.26"]
[SourceVersion "1"]
[SourceVersionDate "2008.11.26"]
[SourceQuality "1"]

1. e4 e5 2. Bc4 Nf6 3. d3 Nc6 4. c3 h6 5. Be3 d6 6. h3 g6 7. Ne2 Bg7 8. 0-0 0-0 9. Bb3 d5 10. Bc2 b6 11. f4 dxe4 12. dxe4 Ba6 13. Nd2 Nh5 14. Rf2 Bxe2 15. Qxe2 Nxf4 16. Bxf4 exf4 17. Rxf4 Ne5 18. Rd1 Qe7 19. Nf3 Rad8 20. Nxe5 Rxd1+ 21. Qxd1 Bxe5 22. Rf3 Bd6 23. g3 Bc5+ 24. Kg2 Rd8 25. Qe2 Qg5 26. Rd3 Rxd3 27. Bxd3 h5 28. h4 Qe5 1/2-1/2

[Event "BUL-ch (Women) 38th"]
[Site "Bulgaria"]
[Date "1989.??.??"]
[Round "1"]
[White "Chilingirova, Pavlina"]
[Black "Grigorova, Natalia"]
[Result "1-0"]
[WhiteElo "2265"]
[BlackElo "2100"]
[PlyCount "142"]
[EventDate "1989.06.??"]
[EventType "tourn"]
[EventRounds "13"]
[EventCountry "BUL"]
[SourceTitle "EXT 1999"]
[Source "ChessBase"]
[SourceDate "1998.11.16"]
[SourceVersion "1"]
[SourceVersionDate "1998.11.16"]
[SourceQuality "1"]

1. d4 f5 2. g3 g6 3. Bg2 Nf6 4. Nf3 Bg7 5. c4 0-0 6. 0-0 d6 7. Nc3 Qe8 8. b3 e5 9. dxe5 dxe5 10. Ba3 Rf7 11. Ng5 Rd7 12. Qc2 h6 13. Nh3 Rf7 14. Rad1 Nc6 15. Bxc6 Qxc6 16. Rd8+ Kh7 17. f3 b6 18. Nf2 Bb7 19. Rxa8 Bxa8 20. e4 Qe6 21. Nd5 fxe4 22. Nxf6+ Qxf6 23. Nxe4 Qf5 24. Qe2 Bf8 25. g4 Qe6 26. Bc1 Bxe4 27. Qxe4 Bc5+ 28. Kg2 Qd6 29. h4 Qd4 30. Qc2 Rd7 31. h5 Qd3 32. hxg6+ Kxg6 33. Qxd3+ Rxd3 34. Rh1 Be3 35. Bxe3 Rxe3 36. Kf2 Rc3 37. Rh5 Rc2+ 38. Kg3 Rxa2 39. Rxe5 Ra3 40. Re6+ Kg7 41. Re7+ Kg6 42. Rxc7 Rxb3 43. Rxa7 Rc3 44. Ra6 Rxc4 45. Rxb6+ Kg7 46. Re6 Rc8 47. Kf4 Rc4+ 48. Kf5 Rc5+ 49. Re5 Rc7 50. f4 Ra7 51. Rd5 Rb7 52. Ke6 Rb4 53. Rd7+ Kg8 54. Kf5 Kf8 55. Rd6 Kg7 56. Rg6+ Kh7 57. Re6 Kg7 58. Re7+ Kf8 59. Re4 Rb1 60. Kg6 Rb6+ 61. Kh5 Kg7 62. f5 Rb1 63. Re7+ Kf8 64. Re6 Rh1+ 65. Kg6 Rh4 66. Ra6 Rxg4+ 67. Kf6 Kg8 68. Ra8+ Kh7 69. Kf7 Rf4 70. f6 Rf1 71. Ra5 Rf2 1-0

[Event "BUL-ch (Women) 38th"]
[Site "Bulgaria"]
[Date "1989.??.??"]
[Round "3"]
[White "Gocheva, Rumiana B"]
[Black "Grigorova, Natalia"]
[Result "1/2-1/2"]
[WhiteElo "2225"]
[BlackElo "2100"]
[PlyCount "87"]
[EventDate "1989.06.??"]
[EventType "tourn"]
[EventRounds "13"]
[EventCountry "BUL"]
[SourceTitle "EXT 1999"]
[Source "ChessBase"]
[SourceDate "1998.11.16"]
[SourceVersion "1"]
[SourceVersionDate "1998.11.16"]
[SourceQuality "1"]

1. e4 c5 2. Nf3 e6 3. d4 cxd4 4. Nxd4 a6 5. Nc3 Qc7 6. g3 Nf6 7. Bg2 Be7 8. 0-0 0-0 9. g4 d6 10. g5 Nfd7 11. f4 Nc6 12. Nxc6 bxc6 13. f5 Re8 14. Ne2 Bf8 15. f6 g6 16. Nf4 Ne5 17. b3 Bb7 18. Bb2 d5 19. Qe1 Ng4 20. Qh4 Ne3 21. Nxg6 Bc5 22. Kh1 Nxf1 23. Rxf1 e5 24. Ne7+ Bxe7 25. fxe7 Qxe7 26. Bh3 Bc8 27. Bxc8 Raxc8 28. Rf6 Qb4 29. c4 Qd2 30. Rxf7 Kxf7 31. Qxh7+ Ke6 32. Qf5+ Kd6 33. Ba3+ c5 34. cxd5 Qf4 35. Qg6+ Kd7 36. Kg2 Qg4+ 37. Kh1 Qf3+ 38. Kg1 Qe3+ 39. Kg2 Qe2+ 40. Kg3 Qe1+ 41. Kg2 Qe2+ 42. Kg3 Qf1 43. h4 Qf4+ 44. Kh3 1/2-1/2

[Event "BUL-ch (Women) 38th"]
[Site "Bulgaria"]
[Date "1989.??.??"]
[Round "11"]
[White "Grigorova, Natalia"]
[Black "Georgieva, Emilia"]
[Result "1-0"]
[WhiteElo "2100"]
[BlackElo "2135"]
[PlyCount "79"]
[EventDate "1989.06.??"]
[EventType "tourn"]
[EventRounds "13"]
[EventCountry "BUL"]
[SourceTitle "EXT 2009"]
[Source "ChessBase"]
[SourceDate "2008.11.26"]
[SourceVersion "1"]
[SourceVersionDate "2008.11.26"]
[SourceQuality "1"]

1. g3 e5 2. Bg2 d5 3. d3 c6 4. Nf3 Bd6 5. 0-0 Ne7 6. Nbd2 0-0 7. e4 f5 8. Re1 Qc7 9. Qe2 fxe4 10. dxe4 Bg4 11. h3 Bxf3 12. Nxf3 Nd7 13. Ng5 Rf6 14. h4 Raf8 15. Rf1 h6 16. Nh3 d4 17. c3 dxc3 18. bxc3 b5 19. c4 b4 20. Be3 a5 21. c5 Nxc5 22. Bxc5 Bxc5 23. Qc4+ Kh8 24. Qxc5 Rb8 25. Kh2 Rb5 26. Qc4 Qb6 27. f4 Rc5 28. Qe2 a4 29. fxe5 Rxf1 30. Rxf1 b3 31. axb3 axb3 32. Qg4 Qd8 33. Rf7 Qg8 34. Rxe7 b2 35. Qg6 b1Q 36. Ng5 Qba2 37. Nf7+ Qaxf7 38. Rxf7 Rxe5 39. Rc7 Rc5 40. Qd6 1-0